Statistiken für Österreichische Bundesliga 2022-2023 Aufstellungen

Klicken Sie hier um das Quiz zu spielen!

Allgemein

  • Dieses Quiz wurde 45 mal gespielt
  • Das Durchschnittsergebnis liegt bei 27 aus 132

Antwortstatistiken

HintAntwort% Korrekt
SK Rapid WienTWNiklas Hedl
63%
SK Sturm GrazTWJörg Siebenhandl
61%
Red Bull SalzburgLVAndreas Ulmer
58%
FK Austria WienTWChristian Früchtl
55%
SK Rapid WienSTGuido Burgstaller
55%
LASKTWAlexander Schlager
53%
Red Bull SalzburgTWPhilipp Köhn
53%
SK Sturm GrazRVJusuf Gazibegovic
50%
Red Bull SalzburgSTBenjamin Sesko
47%
FK Austria WienOMDominik Fitz
47%
SK Sturm GrazDMJon Gorenc-Stankovic
47%
Red Bull SalzburgIVMaximilian Wöber
42%
Red Bull SalzburgZMNicolas Seiwald
42%
SK Sturm GrazIVDavid Affengruber
39%
SK Rapid WienLMMarco Grüll
39%
SV RiedZMMichael Martin
39%
FK Austria WienSTMuharem Huskovic
39%
SK Sturm GrazZMAlexander Prass
37%
FK Austria WienRMAndreas Gruber
37%
Red Bull SalzburgOMLuka Sucic
37%
TSV HartbergDMMatija Horvat
37%
Red Bull SalzburgIVOumar Solet
37%
FK Austria WienRVReinhold Ranftl
37%
SK Sturm GrazZMTomi Horvat
37%
SK Sturm GrazSTJakob Jantscher
34%
SK Rapid WienIVKevin Wimmer
34%
FK Austria WienLVMarvin Martins
34%
Red Bull SalzburgZMNicolas Capaldo
34%
SK Austria KlagenfurtIVNicolas Wimmer
34%
Red Bull SalzburgRVAmar Dedic
32%
SCR AltachSTAtdhe Nuhiu
32%
Red Bull SalzburgSTFernando
32%
SK Sturm GrazIVGregory Wüthrich
32%
FK Austria WienIVLucas Galvao
32%
FK Austria WienLMManfred Fischer
32%
SK Sturm GrazOMManprit Sarkaria
32%
FK Austria WienDMMatthias Braunöder
32%
LASKOMRobert Zulj
32%
SK Sturm GrazLVDavid Schnegg
29%
FK Austria WienDMJames Holland
29%
LASKLMKeito Nakamura
29%
SK Rapid WienIVLeopold Querfeld
29%
SK Austria KlagenfurtSTMarkus Pink
29%
TSV HartbergTWRene Swete
29%
SV RiedTWSamuel Sahin-Radlinger
29%
LASKSTMarin Ljubicic
26%
SK Rapid WienRMNicolas Kühn
26%
SC Austria LustenauLMBryan Teixeira
24%
WSG TirolTWFerdinand Oswald
24%
SK Rapid WienLVJonas Auer
24%
FK Austria WienIVLukas Mühl
24%
LASKRMThomas Goiginger
24%
SK Sturm GrazSTAlbian Ajeti
21%
SK Austria KlagenfurtTWPhilipp Menzel
21%
WSG TirolZMValentino Müller
21%
SC Austria LustenauTWDomenik Schierl
18%
SK Rapid WienSTFerdy Druijf
18%
LASKDMPeter Michorl
18%
LASKLVRene Renner
18%
Wolfsberger ACSTTai Baribo
18%
WSG TirolSTThomas Sabitzer
18%
SCR AltachTWTino Casali
18%
SK Rapid WienZMAleksa Pejic
16%
SK Austria KlagenfurtZMAndy Irving
16%
Wolfsberger ACLVAdis Jasic
13%
SV RiedSTChristoph Monschein
13%
Wolfsberger ACIVDominik Baumgartner
13%
LASKRVFilip Stojkovic
13%
Wolfsberger ACZMMario Leitgeb
13%
TSV HartbergIVMario Sonnleitner
13%
SK Rapid WienZMPatrick Greil
13%
LASKIVPhilipp Ziereis
13%
SC Austria LustenauOMStefano Surdanovic
13%
WSG TirolSTTim Prica
13%
SV RiedIVTin Plavotic
13%
SC Austria LustenauSTAnthony Schmiid
11%
WSG TirolZMBror Blume
11%
SC Austria LustenauLVHakim Guenouche
11%
Wolfsberger ACTWHendrik Bonmann
11%
SCR AltachLMJan Jurcec
11%
SV RiedIVMarkus Lackner
11%
Wolfsberger ACZMMatthäus Taferner
11%
Wolfsberger ACRVMichael Novak
11%
Wolfsberger ACIVRaphael Schifferl
11%
Wolfsberger ACIVSimon Piesinger
11%
SK Austria KlagenfurtRFSinan Karweina
11%
SK Austria KlagenfurtIVThorsten Mahrer
11%
Wolfsberger ACSTThorsten Röcher
11%
SK Austria KlagenfurtLVTill Schumacher
11%
SCR AltachOMAlexis Tibidi
8%
SC Austria LustenauRMAnderson
8%
LASKDMBranko Jovicic
8%
TSV HartbergLVChristian Klem
8%
LASKIVFelix Luckeneder
8%
SK Austria KlagenfurtLFFlorian Rieder
8%
SCR AltachIVJan Zwischenbrugger
8%
SC Austria LustenauIVJean Hugonet
8%
SV RiedRMJulian Wießmeier
8%
TSV HartbergDMJürgen Heil
8%
Wolfsberger ACZMKonstantin Kerschbaumer
8%
Red Bull SalzburgDMLucas Gourna-Douath
8%
SCR AltachDMLukas Jäger
8%
WSG TirolRVLukas Sulzbacher
8%
SCR AltachRVManuel Thurnwald
8%
SV RiedZMMarcel Ziegl
8%
SK Rapid WienRVMartin Koscelnik
8%
SC Austria LustenauIVMatthias Maak
8%
TSV HartbergOMOkan Aydin
8%
TSV HartbergRVPatrick Farkas
8%
WSG TirolIVRaffael Behounek
8%
SV RiedOMStefan Nutz
8%
SCR AltachRMAmankwah Forson
5%
SC Austria LustenauDMCem Türkmen
5%
SK Austria KlagenfurtZMChristopher Cvetko
5%
TSV HartbergRMDominik Frieser
5%
WSG TirolIVDominik Stumberger
5%
TSV HartbergLMEylon Almog
5%
SC Austria LustenauRVFabian Gmeiner
5%
WSG TirolLVKofi Schulz
5%
SK Austria KlagenfurtZMKosmas Gkezos
5%
SCR AltachIVLukas Gugganig
5%
TSV HartbergIVMichael Steinwender
5%
SCR AltachLVNosa Iyobosa Edokpolor
5%
SC Austria LustenauDMPius Grabher
5%
WSG TirolLMSandi Ogrinec
5%
SCR AltachDMStefan Haudum
5%
WSG TirolRMZan Rogelj
5%
SV RiedIVJulian Turi
3%
SV RiedSTLuca Kronberger
3%
TSV HartbergSTRene Kriwak
3%
SK Austria KlagenfurtRVSolomon Bonnah
3%
SV RiedLMOliver Kragl
0%

Verteilung der Resultate

Perzentil nach korrekt beantworteten Fragen

Anzahl Personen mit jedem Resultat

Ihre Resultats-Entwicklung

Sie haben dieses Quiz noch nicht gespielt